Logo BPK

Biblioteka

Politechniki Koszalińskiej

Wdrożenie systemów CAX jako narzędzi wspomagających procesy projektowania / (Rekord nr 56668)

Szczegóły MARC
000 -ETYKIETA REKORDU
podpole kontrolne o stałej długości 00801nam a2200241 i 4500
001 - NUMER KONTROLNY REKORDU
pole kontrolne bg
020 ## - MIĘDZYNARODOWY ZNORMALIZOWANY NUMER KSIĄŻKI - ISBN
ISBN 9788374811958
040 ## - ŹRÓDŁO KATALOGOWANIA
Instytucja, która utworzyła rekord BPK
041 ## - KOD JĘZYKA
Kod języka tekstu pol
044 ## - KOD KRAJU WYDAWCY/PRODUCENTA
Kod kraju wydawcy/producenta POL
080 ## - UNIWERSALNA KLASYFIKACJA DZIESIĘTNA - UKD
UKD 004.4'22:658.5:004-049.8
920 ## - Międzynarodowy znormalizowany numer książki – ISBN
ISBN 978-83-7481-195-8
008 - POLE O STAŁEJ DŁUGOŚCI - DANE KONTROLNE
podpole kontrolne o stałej długości 090819s2007 pl a |101 0 pol
100 1# - NAZWA OSOBOWA
Nazwa osobowa Jakubowski, Julian.
245 10 - TYTUŁ/ODPOWIEDZIALNOŚĆ
Tytuł Wdrożenie systemów CAX jako narzędzi wspomagających procesy projektowania /
Pozostałe elementy strefy tytułu i oznaczenia odpowiedzialności Julian Jakubowski, Grzegorz Maniarski, Albert Lewandowski.
260 ## - STREFA ADRESU WYDAWNICZEGO
Miejsce wydania Zielona Góra :
Nazwa wydawcy/dystrybutora Oficyna Wydawnicza Uniwersytetu Zielonogórskiego,
Data publikacji, dystrybucji/powstania dokumentu 2008.
300 ## - STREFA OPISU FIZYCZNEGO
Objętość 53 s. :
Inne cechy fizyczne il. ;
Rozmiary 24 cm.
650 #9 - HASŁO PRZEDMIOTOWE W FORMIE NAZWY OGÓLNEJ LUB JEDNOSTKOWEJ
Nazwa ogólna lub geograficzna Projektowanie
Określnik ogólny komputeryzacja
650 #9 - HASŁO PRZEDMIOTOWE W FORMIE NAZWY OGÓLNEJ LUB JEDNOSTKOWEJ
Nazwa ogólna lub geograficzna Systemy informatyczne zarządzania
700 1# - HASŁO DODATKOWE - NAZWA OSOBOWA
Nazwa osobowa Maniaraski, Grzegorz.
700 1# - HASŁO DODATKOWE - NAZWA OSOBOWA
Nazwa osobowa Lewandowski, Albert.
942 ## - DODATKOWE ELEMENTY (KOHA)
Typ dokumentu Książka
Egzemplarze
Wycofany Status egzemplarza Uszkodzony Dostępność Lokalizacja stała Lokalizacja bieżąca Miejsce przechowywania Sygnatura Kod kreskowy Dział Typ dokumentu
      Tylko na miejscu Biblioteka Politechniki Koszalińskiej Biblioteka Politechniki Koszalińskiej Czytelnia BG 91655 02485560 658.5 Organizacja produkcji Książka
© 2023 Biblioteka Politechniki Koszalińskiej :: KOHA